On This Day: May 25th II Quiz Stats

 Plays Quiz Updated May 25, 2018

Score 0/7 Timer 03:00
1 Play Today
Question Answer Wrong Answers
Before a special joint session of Congress, this US President famously announces his goal to put a ‘man on the moon’ before the end of the decade.
1961
John F. Kennedy
92.3%
Lyndon B. Johnson
2.2%
Dwight D. Eisenhower
1.9%
Richard Nixon
2.9%
With a quorum of seven states secured, the United States Constitutional Convention formally convenes in ______.
1787
Philadelphia
88.4%
Boston
4.3%
Washington, D.C.
4.8%
Richmond
2.4%
This epic space opera film, which was written and directed by George Lucas, is released in theaters.
1977
Star Wars
86.5%
Alien
0.6%
Blade Runner
0.8%
2001: A Space Odyssey
11.2%
This benefit event takes place, with some 6.5 million people forming a human chain across the contiguous United States in order to raise money to fight hunger and help those in poverty.
1986
Hands Across America
67%
Hands For Hope
4.4%
Live Aid
16%
We Are The World
11.3%
Dragon, a reusable spacecraft developed by this private American aerospace company, becomes the first commercial spacecraft to rendezvous with the International Space Station.
2012
SpaceX
66.8%
Boeing
7.2%
Virgin Galactic
15.9%
Lockheed Martin
8.6%
______ of the Boston Red Sox raises his batting average over .400 for the first time in 1941, ultimately becoming the last MLB player to bat over .400 in a season.
1941
Ted Williams
62.5%
Joe DiMaggio
26.1%
Stan Musial
5.4%
Carl Yastrzemski
5.8%
This successful Irish film actor, who rose to fame after appearing in films like ‘28 Days Later’ and ‘The Dark Knight Trilogy’, is born.
1976
Cillian Murphy
30.4%
Tom Hardy
8.9%
Christian Bale
56.7%
Joseph Gordon-Levitt
3.2%

You're not logged in!

Compare scores with friends on all Sporcle quizzes.
OR
Log In

Sporcle TV

Today on Sporcle TV


Watch our educational content, quiz creation guides, and fun videos on Sporcle TV.

Show Comments

Extras

Top Quizzes Today


Score Distribution

Your Account Isn't Verified!

In order to create a playlist on Sporcle, you need to verify the email address you used during registration. Go to your Sporcle Settings to finish the process.

Report this User

Report this user for behavior that violates our Community Guidelines.

Details: